| 000 | 00000nas 2200000zi 4500 |
| 001 | 9.814923 |
| 003 | CaOODSP |
| 005 | 20230907083930 |
| 006 | m o d f |
| 007 | cr ||||||||||| |
| 008 | 160411d20112012onc x p o f0 b0fre|d |
| 040 | |aCaOODSP|bfre |
| 043 | |an-cn--- |
| 086 | 1 |aYN2-5/1F-PDF |
| 245 | 00|aPerspectives économiques et financières selon le DPB. |
| 264 | 1|aOttawa, Canada : |bOffice of the Parliamentary Budget Officer = Bureau du directeur parlementaire du budget, |c2011-2012. |
| 310 | |aIrrégulier |
| 336 | |atexte|btxt|2rdacontent/fre |
| 337 | |ainformatique|bc|2rdamedia/fre |
| 338 | |aressource en ligne|bcr|2rdacarrier/fre |
| 362 | 1 |aParaît depuis : le 1er juin 2011 ; ne paraît plus après : 24 avril 2012. |
| 500 | |aPublié aussi en anglais sous le titre : PBO economic and fiscal outlook. |
| 588 | |aDescription d'après : le 1er juin 2011. |
| 588 | |aDernière livraison consultée : 24 avril 2012. |
| 650 | 6|aBudget|zCanada|vPériodiques. |
| 655 | 7|aPériodiques|2rvmgf |
| 710 | 1 |aCanada. |bBureau du Directeur parlementaire du budget. |
| 775 | 08|tPBO economic and fiscal outlook.|w(CaOODSP)9.814917 |
| 780 | 00|tÉvaluation économique et budgétaire |w(CaOODSP)9.814776 |
| 785 | 00|tPerspectives économiques et financières.|w(CaOODSP)9.884888 |